|
|
|
|
| LEADER |
00000cas a22000001a 4500 |
| 001 |
vtls010300144 |
| 003 |
SK-MaSNL |
| 005 |
20260228162545.0 |
| 008 |
110810d19401941xo mr p 0 b0slo |
| 040 |
|
|
|a SNK
|b slo
|c SNK
|e AACR2
|
| 041 |
0 |
|
|a slo
|
| 044 |
|
|
|a xo
|c SK
|
| 245 |
0 |
0 |
|a Javisko
|
| 260 |
|
|
|a Bratislava
|b Dezider Janda
|c 1940-1941
|
| 300 |
|
|
|a 2 zv.
|c 23 cm
|
| 310 |
|
|
|a 1x mesačne
|
| 362 |
0 |
|
|a Roč. I, č. 1 (sep. 1940)-roč. II, č. 5 (1941)
|
| 500 |
|
|
|a (Na obálke): Divadlo - Hudba - Tanec - Výtvarníci - Film - Knihy - Časovosti - Spoločnosť - Móda - Šport - Kúpeľný ruch
|
| 500 |
|
|
|a Vyd. a za red. zodp. Dezider Janda
|
| 500 |
|
|
|a Tlač. Slov. ľud. kníhtlač.
|
| 500 |
|
|
|a Podnázov v tiráži: obrázkový časopis
|
| 520 |
|
|
|a Okrem tém uvedených v podtitule, prinášalo aj umelecké reprodukcie, balet, rozprávky, malo rubriku Ženský svet a reklamnú časť
|
| 650 |
0 |
7 |
|a divadlo
|2 SNKPH
|9 3335
|
| 650 |
0 |
7 |
|a film
|2 SNKPH
|9 1425
|
| 650 |
0 |
7 |
|a móda
|2 SNKPH
|9 19682
|
| 655 |
|
7 |
|a spoločenské časopisy
|2 SNKPH
|9 70515
|
| 700 |
1 |
|
|a Janda, Dezider,
|d 1913-1965
|4 pbd
|9 101423
|
| 710 |
2 |
|
|a Slovenská ľud. kníhtlačiareň (Bratislava)
|4 prt
|9 271124
|
| 910 |
|
|
|a snk
|
| 999 |
|
|
|c 8045
|d 9975
|
| 952 |
|
|
|0 0
|1 0
|4 0
|7 0
|a SNK
|b SNK
|d 2002-10-04
|l 0
|o snkČSC 1012/1/1940
|p 17A0358638
|r 2005-01-02 00:00:00
|t č. 1-4, neúplné
|w 2026-02-21
|y PREZ
|z Chýba č. 1-2
|
| 952 |
|
|
|0 0
|1 0
|4 0
|7 0
|a SNK
|b SNK
|d 2002-10-04
|l 0
|o snkČSC 1012/2/1941
|p 17A0358658
|r 2005-01-02 00:00:00
|t č. 1-5
|w 2026-02-21
|y PREZ
|